000 00620nam a22002057a 4500
005 20211210094537.0
008 211210b ||||| |||| 00| 0 eng d
020 _a0670871087
040 _cAL
041 _aEng
082 _223
_a338.954
_bJALI
100 _aBimal Jalan
_911446
245 _aIndia's Economic policy
_bPreparing for the Twenty-First Century
260 _aNew Delhi
_bViking by Penguin Books India (p) Ltd,
_c1996
300 _axix,217 p.
_bHB
_c22x14.5 cm.
365 _b₹300.00
_c
_d₹300.00
650 _aIndia's Economic Policy
_911447
700 _aJALAN (Bimal)
_911448
942 _2ddc
_cGF
999 _c220914
_d220914